书目信息 |
| 题名: |
影碟圣经
|
|
| 作者: | 清水岩 , 吕中杰 编著 | |
| 分册: | 2 | |
| 出版信息: | 北京 民主与建设出版社 1997 |
|
| 页数: | 431-842页 | |
| 开本: | 20cm | |
| 丛书名: | ||
| 单 册: | ||
| 中图分类: | J991 | |
| 科图分类: | ||
| 主题词: | 电影事业 | |
| 电子资源: | ||
| ISBN: | 7-80112-179-1 | |
| 000 | 00564nam0 2200193 45 | |
| 001 | 0012261093 | |
| 005 | 20070717160328.17 | |
| 010 | @a7-80112-179-1@dCNY19.00 | |
| 100 | @a20001226d1997 km y0chiy0120 ea | |
| 101 | 0 | @achi |
| 200 | 1 | @a影碟圣经@AYing Die Sheng Jing@h2@f清水岩,吕中杰编著@FQing Shui Yan,Lu Zhong Jie Bian Zhu |
| 210 | @a北京@c民主与建设出版社@d1997 | |
| 215 | @a431-842页@c插图@d20cm | |
| 606 | 0 | @a电影事业 |
| 690 | @aJ991@v4 | |
| 701 | 0 | @a清水岩@4编著 |
| 701 | 0 | @a吕中杰@4编著 |
| 801 | @aCN@bTSTC@c20070717 | |
| 905 | @b294516-517@dJ991@e62:2@f2 | |
| 影碟圣经.2/清水岩,吕中杰编著.-北京:民主与建设出版社,1997 |
| 431-842页:插图;20cm |
| ISBN 7-80112-179-1:CNY19.00 |
| ● |
| 相关链接 |
|
|
|
|
正题名:影碟圣经
索取号:J991/62:2
 
预约/预借
| 序号 | 登录号 | 条形码 | 馆藏地/架位号 | 状态 | 备注 |
| 1 | 0294516 | 002945166 | 第一借阅区/ [索取号:J991/62:2] | 在馆 | |
| 2 | 0294517 | 002945175 | 第一样本阅览室/ [索取号:J991/62:2] | 在馆 | |
| 3 | 0770357 | 207703573 | 密集书库/ [索取号:J991/62:2] | 在馆 |